Responses for show #4272 - Tuesday, March 11, 2003

Max Levaren game 5.

(Cheryl: Final Jeopardy! in T-minus 30 minutes and counting; stay tuned!)

Contestants

Randy Harris, an estate and trust attorney from Madison, New Jersey

Heather Hunter Smith, a director of employment services from Greece, New York

Max Levaren, a personal success coach from San Diego, California (whose 4-day cash winnings total $68,801)

Jeopardy! Round responses

THE BARD WRITES
LET'S GET TOGETHER
FISH
PHOBIAS
(Alex We want you to name the subject in...)
CELEBRITY BIOGRAPHIES
FIND THE SPOONERISM
(Alex: And if you do well in this category, we'll give you a "bat on the pack", oh, sorry, a pat on the back; now you know what we're dealing with!)
    $200 1
Macbeth

Randy
    $200 2
roasts

Randy
    $200 9
flying fish

Heather
    $200 14
blood

Randy
    $200 18
Marilyn Monroe

Max
    $200 23
rough & tumble

Randy
    $400 7
Shylock

Max
    $400 3
Bridge club

Randy
    $400 10
piranhas

Randy
    $400 15
(Alex: We don't want you sitting in the fire!)

near the fire

Randy
    $400 19
Frank Sinatra

Randy
    $400 27
hit the books

Randy
    $600 8
(Alex: Weird guy!)

Brutus

Randy
    $600 4
pow-wow

Max
    $600 11
sharks

Heather
    $600 16
acrophobia

Randy
    $600 20
(Max: Who is Rocky Marciano?)

Sylvester Stallone

MaxHeather
    $600 28
(Randy: What is a train wreck?)

rain check

HeatherRandy
    $800 12
Hamlet

Randy
    $800 5
masquerade

Heather
    $800 25
guppies

Triple Stumper
    $800 17
riding in cars

Heather
    $800 21
(Randy: Who is Stanley Kubrick?)

Peter Sellers

Randy
Triple Stumper
    $800 29
(Randy: What is...)
[The end-of-round signal sounds.]

white flag

Randy
Triple Stumper
    $1000 13
O Romeo, Romeo, wherefore art thou Romeo?

Randy
    $1000 6
Reunion Island

Triple Stumper
    $1000 26
hagfish

Heather
    $1000 24
(Alex: With less than a minute to go now.)

triskaidekaphobia

Randy
    $2,000 22
James Dean

Heather

Scores at the first commercial break (after clue 15):

Max Heather Randy
$1,000 $1,600 $4,200

Scores at the end of the Jeopardy! Round:

Max Heather Randy
$600 $6,600 $4,600

Double Jeopardy! Round responses

THE INTERNATIONAL SPACE STATION
COUNTRY MUSIC
FALL DOWN, GO BOOM
WHO "R" YOU?
STATE CAPITAL BIRTHPLACES
BEFORE & AFTER
    $400 26
Christopher Columbus

Randy
    $400 1
Waylon Jennings

Randy
    $400 2
Jill

Randy
    $400 11
(Hillary) Rodham (Clinton)

Heather
    $400 16
Boston

Randy
    $400 17
Beauty and the Beast of Burden

Randy
    $800 27
gravity

Randy
    $800 5
Eddie Rabbitt

Heather
    $800 3
King Kong

Randy
    $800 12
(Heather: Who was Richard Harris?)

Jason Robards, Jr.

Heather
Triple Stumper
    $800 22
(Randy: What is Montgomery?)
...
(Alex: Minute to go.)

Atlanta

Randy
Triple Stumper
    $800 18
American Express Yourself

Heather
    $1200 28
Japan

Randy
    $1200 6
Clint Black & Wynonna Judd

Heather
    $1200 4
(Max: Who is David as in King David?)

Goliath

MaxHeather
    $1200 13
Phil Rizzuto

Randy
    $1200 23
Richmond

Randy
    $1200 19
The Wicked Witch of The West Wing

Heather
    $1600 29
[The end-of-round signal sounds.]

airlock

Randy
    $3,000 7
O Brother, Where Art Thou?

Heather
    $1600 9
Bonnie Blue

Randy
    $1600 14
Sir Walter Raleigh

Randy
    $1600 24
Montpelier, Vermont

Randy
    $1600 20
Gore Vidal Sassoon

Randy
    $2000 8
Toby Keith

Heather
    $7,800 10
Icarus

Randy
    $2000 15
Rimini

Max
    $2000 25
(Max: What is Nebraska?)

Lincoln

MaxRandy
    $2000 21
Susan Anton Chekhov

Heather

Scores at the end of the Double Jeopardy! Round:

Max Heather Randy
-$600 $18,400 $28,800

[wagering suggestions for these scores]

Final Jeopardy! Round responses

ACTRESSES IN HISTORY
(Alex: She was known as the "Jersey Lily".)
HeatherWho was Olivia de Haviland?
$10,401
RandyWho is Sarah Bern hardt
$8,000
Lillie Langtry

Final scores:

Max Heather Randy
-$600 $7,999 $20,800
3rd place: $1,000 2nd place: $2,000 New champion: $20,800

Game dynamics:

Coryat scores:

Max Heather Randy
-$600 $16,000 $23,000
4 R,
3 W
17 R
(including 2 DDs),
1 W
31 R
(including 1 DD),
4 W

Combined Coryat: $38,400

The J! Archive is created by fans, for fans. The Jeopardy! game show and all elements thereof, including but not limited to copyright and trademark thereto, are the property of Jeopardy Productions, Inc. and are protected under law. This website is not affiliated with, sponsored by, or operated by Jeopardy Productions, Inc. Join the discussion at JBoard.tv.